00291nam a2200109Ia 4500008004100000100002600041245005300067260002500120650001200145942000700157999001700164190216s9999||||xx |||||||||||||| ||und|| aMohamed Saifulla Khan 0aMoral Principles As The Basic Of Islamic Culture bUniversity Of Madras aHistory cBK c18640d18640